| 000 | 00863nam a2200277 i 4500 | ||
|---|---|---|---|
| 001 | bg | ||
| 003 | BPK | ||
| 005 | 20190902121034.0 | ||
| 008 | 020718s1977 pl a |000 0 pol | ||
| 015 | _aPB 1978/64 | ||
| 040 |
_aWA N _cBPK |
||
| 080 | _a502 | ||
| 080 | _a614.7 | ||
| 080 | _a628.5 | ||
| 080 | _a711.1/.2(438) | ||
| 100 | 1 | _aMinorski, Jan. | |
| 245 | 1 | 0 |
_aŚrodowisko przyrodnicze a gospodarka przestrzenna / _cJan Minorski. |
| 260 |
_aWarszawa : _b"Arkady", _c1977. |
||
| 300 |
_a159, [1] s. : _bil., tab., wykr. ; _c25 cm. |
||
| 504 | _aBibliogr. | ||
| 650 | 4 |
_aPlanowanie przestrzenne _xa ochrona środowiska. |
|
| 650 | 4 | _aOchrona środowiska | |
| 710 | 2 |
_aWydawnictwo "Arkady". _4pbl. |
|
| 856 |
_uhttp://koha.tu.koszalin.pl/cgi-bin/koha/opac-detail.pl?biblionumber=17573 _yKatalog online BPK |
||
| 942 |
_2UKD _cKA |
||
| 999 |
_c17573 _d17573 |
||